000 00513nam a2200181Ia 4500
003 GCL
008 140319s9999 xx 000 0 ara d
040 _aGCL /
_cGCL
082 0 4 _a792.015
_bف ت
100 1 _aفؤاد رشيد
245 1 0 _aتاريخ المسرح العربى /
_cفؤاد رشيد
300 _a111 ص
490 _aكتب للجميع
_v0
650 0 4 _aالمسرح العربى
650 0 4 _aالمسرح - تاريخ ونقد
650 0 4 _aالمسرح - تاريخ
942 _2ddc
_cBK
999 _c47219
_d47219